000 01624cam a22004574i 4500
003 PE-LiUPU
005 20250731184606.0
008 150616s r 000 0 d
035 _a(Sirsi) a7704
040 _aPE-LiUPU
_bspa
_cPE-LiUPU
_erda
049 _aPRUA
082 0 4 _a954
_bB78
_221
100 1 _aBowles, Cynthia,
_eautor.
245 1 0 _aAt Home in India /
_cCynthia Bowles.
264 1 _aNew York :
_bHarcourt, Brace and Company,
_c1956.
300 _a180 páginas :
_bilustraciones ;
_c22 cm.
336 _atext
_2rdacontent
337 _aunmediated
_2rdamedia
338 _avolume
_2rdacarrier
505 0 _aWhispers of india.- Hello to india.- Back to school.- A new friendship- A glimpse of the south.- Sevagram, gandhi's village.- Children with problems.- Along the road.- A delhi week end.- A week in village.- College life.
526 _aP136
526 _aP135
526 _aP134
526 _aP133
526 _aP144
526 _aP143
526 _aP87
526 _aP35
526 _aP20
526 _aP14
526 _aP10
526 _aP06
650 1 4 _aIndia
_xVida social y costumbres.
910 _ajck
_bjvq
_cjck
942 _2ddc
_cBOOK
949 _a954 B78
_wDEWEY
_c1
_i41315
_lCCODEBUL1
_mBUL
_p00.00
_r0
_sY
_tBOOK
_u19960530
_xBIBLIOTECA
_zUNKNOWN
_0COMPRA
_o.STAFF. Colección General
994 _aC0
_bPEPRU
596 _a1
999 _a954 B78
_wDEWEY
_c58977
_i41315
_f2021-11-8
_g5
_lCCODEBUL1
_mBUL
_r0
_sY
_tBOOK
_u2015-6-16
_xBIBLIOTECA
_zUNKNOWN
_0COMPRA
_o.STAFF. Colección General
_d58977
980 _81
_gALBERTO SANCHEZ Responsable de Automatización